Preventive measures (Record no. 68699)
[ view plain ]
| 000 -LEADER | |
|---|---|
| fixed length control field | 01380cam a2200241 4500 |
| 001 - CONTROL NUMBER | |
| control field | ABS64669 |
| 008 - FIXED-LENGTH DATA ELEMENTS--GENERAL INFORMATION | |
| fixed length control field | 011029n2001 000 0 eng u |
| 035 ## - SYSTEM CONTROL NUMBER | |
| System control number | (Sirsi) u115350 |
| 100 ## - MAIN ENTRY--PERSONAL NAME | |
| Personal name | Hynes, F |
| 245 ## - TITLE STATEMENT | |
| Title | Preventive measures |
| 260 ## - PUBLICATION, DISTRIBUTION, ETC. | |
| Date of publication, distribution, etc. | 2001 |
| 490 ## - SERIES STATEMENT | |
| Series statement | Property Week |
| Volume/sequential designation | 66(42) 19 October 2001, 42-43(2) |
| 520 ## - SUMMARY, ETC. | |
| Summary, etc. | In the wake of the US terrorist attacks, article looks at the measures property owners, agents and tenants should take to be prepared for similar incidents. Outlines tenant responsibilities for their own safety under the Health and Safety at Work Regulations 1992 and highlights the Home Office document, "Bombs - protecting people and property". Discusses the responsibility of owners over tenants in multi-occupied office buildings and shopping centres and suggests that a terrorism threat plan should consider the following areas: likelihood of terrorist attack; review of security measures; action in the event of a bomb warning; measures to ensure staff are vigilant; involvement in developments in area of location; and plan for evacuation, search and recovery. |
| 590 ## - LOCAL NOTE (RLIN) | |
| Local note | ABS |
| 650 ## - SUBJECT ADDED ENTRY--TOPICAL TERM | |
| Topical term or geographic name entry element | HEALTH AND SAFETY AT WORK REGULATIONS 1992 |
| 650 ## - SUBJECT ADDED ENTRY--TOPICAL TERM | |
| Topical term or geographic name entry element | PROPERTY OWNERS |
| 650 ## - SUBJECT ADDED ENTRY--TOPICAL TERM | |
| Topical term or geographic name entry element | TENANTS |
| 650 ## - SUBJECT ADDED ENTRY--TOPICAL TERM | |
| Topical term or geographic name entry element | CONTINGENCY PLANS |
| 650 ## - SUBJECT ADDED ENTRY--TOPICAL TERM | |
| Topical term or geographic name entry element | BUILDING SECURITY |
| 650 ## - SUBJECT ADDED ENTRY--TOPICAL TERM | |
| Topical term or geographic name entry element | TERRORISM |
| 690 ## - LOCAL SUBJECT ADDED ENTRY--TOPICAL TERM (OCLC, RLIN) | |
| Topical term or geographic name as entry element | Health and safety |
| 9 (RLIN) | 6244 |
| 942 ## - ADDED ENTRY ELEMENTS (KOHA) | |
| Suppress in OPAC | 0 |
| Withdrawn status | Lost status | Source of classification or shelving scheme | Damaged status | Not for loan | Home library | Current library | Shelving location | Date acquired | Total Checkouts | Full call number | Barcode | Date last seen | Copy number | Price effective from | Koha item type |
|---|---|---|---|---|---|---|---|---|---|---|---|---|---|---|---|
| Dewey Decimal Classification | London | London | Journal article | 29/10/2001 | ABS64669 | 115350-1001 | 06/08/2019 | 1 | 06/08/2019 | Journal article |